| 000 -LEADER |
| fixed length control field |
01298nam a22003497a 4500 |
| 001 - CONTROL NUMBER |
| control field |
3gqmxwk016gf4v8r |
| 003 - CONTROL NUMBER IDENTIFIER |
| control field |
LIBRIS |
| 005 - DATE AND TIME OF LATEST TRANSACTION |
| control field |
20210423063201.0 |
| 008 - FIXED-LENGTH DATA ELEMENTS--GENERAL INFORMATION |
| fixed length control field |
210202s2000 us |||||||||||000 ||eng|c |
| 020 ## - INTERNATIONAL STANDARD BOOK NUMBER |
| International Standard Book Number |
9780375758256 |
| 035 ## - SYSTEM CONTROL NUMBER |
| System control number |
(Adlibris)9780375758256 |
| 040 ## - CATALOGING SOURCE |
| Original cataloging agency |
SEK |
| Description conventions |
i |
| -- |
rda |
| Language of cataloging |
eng |
| Transcribing agency |
DLC |
| 041 ## - LANGUAGE CODE |
| Language code of text/sound track or separate title |
eng |
| 080 ## - UNIVERSAL DECIMAL CLASSIFICATION NUMBER |
| Universal Decimal Classification number |
65 |
| Item number |
L-95 |
| 100 1# - MAIN ENTRY--PERSONAL NAME |
| Personal name |
Lowenstein, Roger |
| Relationship |
aut |
| 245 10 - TITLE STATEMENT |
| Title |
When Genius Failed: The Rise and Fall of Long-Term Capital Management / |
| Statement of responsibility, etc. |
Roger Lowenstein. |
| 260 ## - PUBLICATION, DISTRIBUTION, ETC. |
| Place of publication, distribution, etc. |
New York |
| Name of publisher, distributor, etc. |
Random House Trade, |
| Date of publication, distribution, etc. |
2000 |
| 264 #1 - PRODUCTION, PUBLICATION, DISTRIBUTION, MANUFACTURE, AND COPYRIGHT NOTICE |
| Name of producer, publisher, distributor, manufacturer |
Random House Trade, |
| Date of production, publication, distribution, manufacture, or copyright notice |
2000 |
| 300 ## - PHYSICAL DESCRIPTION |
| Extent |
264 p. |
| Other physical details |
ill. |
| 336 ## - CONTENT TYPE |
| Content type term |
text |
| Content type code |
txt |
| Source |
rdacontent |
| 337 ## - MEDIA TYPE |
| Media type term |
unmediated |
| Media type code |
n |
| Source |
rdamedia |
| 338 ## - CARRIER TYPE |
| Carrier type term |
volume |
| Carrier type code |
nc |
| Source |
rdacarrier |
| 365 ## - TRADE PRICE |
| Price amount |
14.95 usd |
| 650 #0 - SUBJECT ADDED ENTRY--TOPICAL TERM |
| 9 (RLIN) |
323 |
| Topical term or geographic name entry element |
Business |
| 653 ## - INDEX TERM--UNCONTROLLED |
| Uncontrolled term |
ბიზნესი |
| 856 48 - ELECTRONIC LOCATION AND ACCESS |
| Materials specified |
Omslagsbild |
| Uniform Resource Identifier |
<a href="https://s1.adlibris.com/images/4378111/when-genius-failed-the-rise-and-fall-of-long-term-capital-management.jpg">https://s1.adlibris.com/images/4378111/when-genius-failed-the-rise-and-fall-of-long-term-capital-management.jpg</a> |
| 887 ## - NON-MARC INFORMATION FIELD |
| Content of non-MARC field |
{"@id":"3gqmxwk016gf4v8r","modified":"2021-02-02T16:16:27.295+01:00","checksum":"4835681162"} |
| Source of data |
librisxl |
| 887 ## - NON-MARC INFORMATION FIELD |
| Content of non-MARC field |
{"@id":"lz74fd3jjnmtqzjk","modified":"2021-02-02T16:16:27.32+01:00","checksum":"66398098755"} |
| Source of data |
librisxl |
| 942 ## - ADDED ENTRY ELEMENTS (KOHA) |
| Source of classification or shelving scheme |
|
| Koha item type |
Books |